Normal view
MARC view
Entry Topical Term
001 - CONTROL NUMBER
- control field: 3385
003 - CONTROL NUMBER IDENTIFIER
- control field: BD-RjUL
005 - DATE AND TIME OF LATEST TRANSACTION
- control field: 20220602152539.0
008 - FIXED-LENGTH DATA ELEMENTS
- fixed length control field: 220602|| aca||aabn | a|a d
040 ## - CATALOGING SOURCE
- Original cataloging agency: BD-RjUL
- Transcribing agency: BD-RjUL
150 ## - HEADING--TOPICAL TERM
- Topical term or geographic name entry element: Fishes
- General subdivision: Fishery Resources
- Geographic subdivision: Padma River
670 ## - SOURCE DATA FOUND
- Source citation: Work cat.: (BD-RjUL)79901: KHATUN, MST. REHENA 3384, Fish and Fishery of Botia Dario Fishes of the River Padma ;, 1998